000 00668nam a2200241 i 4500
001 C2-0101593
003 PPAK
005 20180727095808.0
008 970527s1989 my a|||| ||||| | may d
020 _a9836208682
040 _aPPAK
_beng
_cPPAK
_erda
082 0 4 _a808.2
_223
090 0 0 _a808.2
_bTEP
_dG
090 0 0 _a808.2
_bTEP
_dKIH
245 0 0 _aTepat pada waktunya
264 1 _aKuala Lumpur :
_bDewan Bahasa dan Pustaka ,
_c1989
300 _a267 pages :
_billustrations ;
_c23 cm
336 _2rdacontent
_atext
337 _2rdamedia
_aunmediated
338 _2rdacarrier
_avolume
650 1 0 _aEnglish drama - Translation into Malay
942 _ddc
_cB
999 _c23417
_d23417